zpět

Detail výsledku týmu

Bar Slovan, Kladno

Datum a čas kvízu

28.5 Celkem bodů Celkový počet nahraných bodů na tomto kvízu bez doplňovacích otázek.
9. Pořadí na kvízu Konečné umístění týmu na tomto kvízu.

Zaznamenané odpovědi

# Otázka Odpověď Body Výsledky
1. Minulý týden tisk informoval o... velomobil 0
2. Americká influencerka Gwyneth... Robertem Ficem 1
3. Za název televizní show, jejíž... Survivor, Rest 0.5
4. V pátek byla oznámena fúze dvo... Paramount (Skydance), Warner Bros. (Discovery) 0.5
5. Pokud jste si na olympiádě obl... Ostrava 0
6. Zatímco v českých atlasech ten... Iberové 1
7. Vyberte správné tvrzení týkají... A 0
8. Níže vidíte na mapě jisté auto... Andalusie, Sevilla 0
9. Jak se jmenuje portugalský mys... C 0
10. Hledáme název ikonické stavby... Belémská věž 0